000 00221nam a22000857a 4500
008 161114b xxu||||| |||| 00| 0 eng d
100 _91182
_aGupta.S.K.etal.
245 _aCom Mathematics-VI
260 _aNew Delhi
_bS. chand
_c2012
999 _c3862
_d3862